| 000 | 00441nam a2200181Ia 4500 | ||
|---|---|---|---|
| 001 | 10092 | ||
| 005 | 20260306161806.0 | ||
| 008 | 260306t1976||||xx |||||||||||||| ||spa|| | ||
| 041 | _aESP | ||
| 082 |
_aRU 891.7 _bA174 |
||
| 100 |
_aAsimov, Isaac _eAUT |
||
| 245 | 0 | _aEstoy en Puertomarte sin Hilda y otros cuentos | |
| 260 | _c1976 | ||
| 300 |
_a234 páginas : _c18 cm. |
||
| 650 | _aGEN | ||
| 654 | _aCHU | ||
| 942 |
_cLIB _dJUS _fJUS _2ddc _n |
||
| 999 |
_c10092 _d10092 |
||